Hacking Exposed Network security secrets and solutions (Record no. 269697)

000 -LEADER
fixed length control field 00254 a2200097 4500
001 - CONTROL NUMBER
control field 34624
090 ## - LOCALLY ASSIGNED LC-TYPE CALL NUMBER (OCLC); LOCAL CALL NUMBER (RLIN)
-- 22907
-- 22907
100 ## - MAIN ENTRY--PERSONAL NAME
Personal name Mcclure, Stuart
245 ## - TITLE STATEMENT
Title Hacking Exposed Network security secrets and solutions
260 ## - PUBLICATION, DISTRIBUTION, ETC.
Place of publication, distribution, etc. ND
Name of publisher, distributor, etc. Tata McGraw Hill
Date of publication, distribution, etc. 1999
942 ## - ADDED ENTRY ELEMENTS (KOHA)
Institution code [OBSOLETE] NUST-CAE
Koha item type
--
Holdings
Withdrawn status Lost status Damaged status Not for loan Collection code Permanent Location Current Location Date acquired Total Checkouts Barcode Date last seen Price effective from Koha item type
          College of Aeronautical Engineering (CAE) College of Aeronautical Engineering (CAE) 04/03/2017   CAE72322 04/05/2017 04/05/2017 Book
© 2023 Central Library, National University of Sciences and Technology. All Rights Reserved.